| 000 | 00352 a2200157 4500 | ||
|---|---|---|---|
| 001 | 60986 | ||
| 020 | _a9788577991754 | ||
| 040 | _cAnchieta - Pituba | ||
| 100 | _aWharton, Edith | ||
| 240 | 1 | 0 |
_aA época da inocência _lpor |
| 245 | 1 | 0 | _aA época da inocência |
| 300 | _a349 | ||
| 362 | 0 | _a2011 | |
| 650 | 4 | _aFicção norte-americana | |
| 942 | _cBK | ||
| 999 |
_c60986 _d60986 |
||